Quiz sur le mahjong japonais (Riichi) - Statistiques

Statistiques générales
  • Ce quiz a été pris 12 fois
  • Le résultat moyen est 10 sur 14
Statistiques - réponses
Hint Réponse % Correct
Animal légendaire chinois représenté en rouge, blanc et vert sur les tuiles Dragon
100%
Est, Sud, Ouest et Nord sont des... Vents
100%
La dernière d'entre elles Bambous
89%
L'une des trois familles de tuiles au mahjong Cercles
89%
Suite de tuiles de la même famille (ex : 3 - 4 - 5) Chi
89%
Carré Kan
78%
Brelan Pon
78%
Une autre parmi ces trois familles Caractères
56%
Tuile permettant d'avoir des points bonus dans une main gagnante Dora
56%
Terme utilisé pour appeler les tuiles de 2 à 8 Ordinaires
56%
Ce qu'un joueur déclare lorsqu'il gagne en volant la tuile qu'il lui manquait pour gagner Ron
56%
Terme utilisé pour appeler les tuiles 1 et 9 Terminales
56%
Ce qu'un joueur déclare lorsqu'il gagne en piochant la tuile qu'il lui manquait pour gagner Tsumo
56%
Main gagnante Yaku
33%
Aucun quiz correspondant
Distribution des résultats
% des personnes avec chaque résultat
Percentile par nombre de réponses
Votre historique - résultats
Vous n’avez pas pris ce quiz